000 00518nam a2200181Ia 4500
008 090124s9999 xx 000 0 und d
082 _b20377
_a2358
100 _aनवरे शं.ना.
245 _a गुंतता हृदय हे
250 _a1
260 _c1974
300 _a112
600 _aनवरे शं.ना.
630 _a गुंतता हृदय हे
700 _aनवरे शं.ना.
730 _a गुंतता हृदय हे
942 _cBOOK
999 _c134183
_d134183